000 00432cam a2200169ua 4500
020 _cRs .50
041 _aeng
_h
082 _a320.58
_bVAL/GA
100 _aValji Govindji, Desai .
245 _aGandhi anthology /
_cValji Govindji Desai.
_hTextual Documents
260 _aAhmadabad :
_bNavajivan publishing house ,
_c1952.
300 _a95 ; .
365 _aRs .50
504 _a
942 _cBK
999 _c2310
_d2310